Business data communications (Record no. 16702)

MARC details
000 -LEADER
fixed length control field 00789cam a22002774a 4500
001 - CONTROL NUMBER
control field 13545715
003 - CONTROL NUMBER IDENTIFIER
control field mut
005 - DATE AND TIME OF LATEST TRANSACTION
control field 20240606081401.0
008 - FIXED-LENGTH DATA ELEMENTS--GENERAL INFORMATION
fixed length control field 040401s2005 njua 001 0 eng
010 ## - LIBRARY OF CONGRESS CONTROL NUMBER
LC control number 2004049275
020 ## - INTERNATIONAL STANDARD BOOK NUMBER
International Standard Book Number 0789568063
040 ## - CATALOGING SOURCE
Transcribing agency mut
042 ## - AUTHENTICATION CODE
Authentication code pcc
050 00 - LIBRARY OF CONGRESS CALL NUMBER
Classification number HF 5548.2
Item number .S5 2004
100 1# - MAIN ENTRY--PERSONAL NAME
Personal name Shelly, Gary B.
245 10 - TITLE STATEMENT
Title Business data communications
Remainder of title introductory concepts and techniques
250 ## - EDITION STATEMENT
Edition statement 4th ed.
260 ## - PUBLICATION, DISTRIBUTION, ETC.
Place of publication, distribution, etc. Australia
Name of publisher, distributor, etc. Thomson
Date of publication, distribution, etc. c2004
650 #0 - SUBJECT ADDED ENTRY--TOPICAL TERM
Topical term or geographic name entry element Business
General subdivision Data processing.
650 #0 - SUBJECT ADDED ENTRY--TOPICAL TERM
Topical term or geographic name entry element Business
General subdivision Communication systems
-- Data processing.
650 #0 - SUBJECT ADDED ENTRY--TOPICAL TERM
Topical term or geographic name entry element Local area networks (Computer networks)
650 #0 - SUBJECT ADDED ENTRY--TOPICAL TERM
Topical term or geographic name entry element Data transmission systems.
700 ## - ADDED ENTRY--PERSONAL NAME
Personal name Cashman, Thomas J.
700 ## - ADDED ENTRY--PERSONAL NAME
Personal name Serwatka, Judy A.
942 ## - ADDED ENTRY ELEMENTS (KOHA)
Source of classification or shelving scheme Library of Congress Classification
Koha item type Books
Holdings
Withdrawn status Lost status Source of classification or shelving scheme Damaged status Not for loan Home library Current library Shelving location Date acquired Source of acquisition Total checkouts Full call number Barcode Date last seen Price effective from Koha item type
    Library of Congress Classification     Murang'a University of Technology Library Murang'a University of Technology Library General stacks 16/04/2018 Donation-TFC   HF 5548.2 .S5 2004 014912 30/08/2024 16/04/2018 Books